<?xml version="1.0" encoding="UTF-8"?>
<record
    xmlns:xsi="http://www.w3.org/2001/XMLSchema-instance"
    xsi:schemaLocation="http://www.loc.gov/MARC21/slim http://www.loc.gov/standards/marcxml/schema/MARC21slim.xsd"
    xmlns="http://www.loc.gov/MARC21/slim">

  <leader>01008nam a22002897a 4500</leader>
  <controlfield tag="001">000020887</controlfield>
  <controlfield tag="003">DO-SdBNP</controlfield>
  <controlfield tag="005">20260305073959.0</controlfield>
  <controlfield tag="007">ta</controlfield>
  <controlfield tag="008">100823s2010    dr ac         001 0 spa d</controlfield>
  <datafield tag="020" ind1=" " ind2=" ">
    <subfield code="a">9789945003208</subfield>
  </datafield>
  <datafield tag="040" ind1=" " ind2=" ">
    <subfield code="a">DO-SdBNP</subfield>
    <subfield code="b">spa</subfield>
    <subfield code="c">BNPHU</subfield>
  </datafield>
  <datafield tag="082" ind1=" " ind2=" ">
    <subfield code="a">R703</subfield>
    <subfield code="b">G377e, 2019</subfield>
  </datafield>
  <datafield tag="100" ind1="1" ind2=" ">
    <subfield code="a">Ger&#xF3;n, Candido,</subfield>
    <subfield code="d">1948-</subfield>
    <subfield code="9">3577</subfield>
  </datafield>
  <datafield tag="245" ind1="1" ind2="0">
    <subfield code="a">Enciclopedia de las artes pl&#xE1;sticas dominicanas :</subfield>
    <subfield code="b">1844-1988/</subfield>
    <subfield code="c">C&#xE1;ndido Ger&#xF3;n ; Ilustraci&#xF3;n de portada la serrania Fernando Pe&#xF1;a Defill&#xF3;</subfield>
  </datafield>
  <datafield tag="250" ind1=" " ind2=" ">
    <subfield code="a">3a. ed.</subfield>
  </datafield>
  <datafield tag="260" ind1=" " ind2=" ">
    <subfield code="a">Santo Domingo :</subfield>
    <subfield code="b">Librer&#xED;a Mateca,</subfield>
    <subfield code="c">2010.</subfield>
  </datafield>
  <datafield tag="300" ind1=" " ind2=" ">
    <subfield code="a">386 p. :</subfield>
    <subfield code="b">il., retrs. ;</subfield>
    <subfield code="c">29 cm.</subfield>
  </datafield>
  <datafield tag="586" ind1=" " ind2=" ">
    <subfield code="a">Premio Nacional de did&#xE1;ctica 1988</subfield>
  </datafield>
  <datafield tag="590" ind1=" " ind2=" ">
    <subfield code="a">Inventariado, 2022 / DG</subfield>
  </datafield>
  <datafield tag="650" ind1=" " ind2="4">
    <subfield code="a">Arte</subfield>
    <subfield code="x">Enciclopedias y diccionarios</subfield>
    <subfield code="9">43778</subfield>
  </datafield>
  <datafield tag="650" ind1=" " ind2="4">
    <subfield code="a">Pinturas dominicanas</subfield>
    <subfield code="x">Enciclopedias y diccionarios</subfield>
    <subfield code="9">43779</subfield>
  </datafield>
  <datafield tag="650" ind1=" " ind2="4">
    <subfield code="a">Artistas dominicanos</subfield>
    <subfield code="x">Biograf&#xED;as</subfield>
    <subfield code="9">33342</subfield>
  </datafield>
  <datafield tag="700" ind1="1" ind2="2">
    <subfield code="a">Pe&#xF1;a Defill&#xF3;, Fernando</subfield>
    <subfield code="e">il.</subfield>
    <subfield code="9">43780</subfield>
  </datafield>
  <datafield tag="910" ind1=" " ind2=" ">
    <subfield code="a">DG</subfield>
  </datafield>
  <datafield tag="942" ind1=" " ind2=" ">
    <subfield code="2">ddc</subfield>
    <subfield code="c">LBS1</subfield>
  </datafield>
  <datafield tag="952" ind1=" " ind2=" ">
    <subfield code="0">0</subfield>
    <subfield code="1">0</subfield>
    <subfield code="2">ddc</subfield>
    <subfield code="5">1</subfield>
    <subfield code="7">0</subfield>
    <subfield code="8">MO</subfield>
    <subfield code="a">BNPHU</subfield>
    <subfield code="b">PD</subfield>
    <subfield code="c">CT</subfield>
    <subfield code="l">0</subfield>
    <subfield code="o">BNPHU PD R703 G377e, 2010</subfield>
    <subfield code="p">2022-0526</subfield>
    <subfield code="r">2022-02-03</subfield>
    <subfield code="w">2022-02-03</subfield>
    <subfield code="y">LBS1</subfield>
  </datafield>
  <datafield tag="952" ind1=" " ind2=" ">
    <subfield code="0">0</subfield>
    <subfield code="1">0</subfield>
    <subfield code="2">ddc</subfield>
    <subfield code="5">1</subfield>
    <subfield code="7">0</subfield>
    <subfield code="8">MO</subfield>
    <subfield code="a">BNPHU</subfield>
    <subfield code="b">PD</subfield>
    <subfield code="c">CT</subfield>
    <subfield code="l">0</subfield>
    <subfield code="o">BNPHU PD R703 G377e, 2010</subfield>
    <subfield code="p">2022-0527</subfield>
    <subfield code="r">2022-02-03</subfield>
    <subfield code="t">e.2</subfield>
    <subfield code="w">2022-02-03</subfield>
    <subfield code="y">LBS1</subfield>
  </datafield>
  <datafield tag="952" ind1=" " ind2=" ">
    <subfield code="0">0</subfield>
    <subfield code="1">0</subfield>
    <subfield code="2">ddc</subfield>
    <subfield code="5">6</subfield>
    <subfield code="7">0</subfield>
    <subfield code="8">MO</subfield>
    <subfield code="a">BNPHU</subfield>
    <subfield code="b">DO</subfield>
    <subfield code="c">CT</subfield>
    <subfield code="l">0</subfield>
    <subfield code="o">BNPHU DS R703 G377e, 2010</subfield>
    <subfield code="p">2022-0528</subfield>
    <subfield code="r">2022-02-03</subfield>
    <subfield code="t">e.3</subfield>
    <subfield code="w">2022-02-03</subfield>
    <subfield code="y">LBS1</subfield>
  </datafield>
  <datafield tag="999" ind1=" " ind2=" ">
    <subfield code="c">51320</subfield>
    <subfield code="d">51320</subfield>
  </datafield>
</record>
